Nový Zéland ako obchodný partner pre Európsku úniu v oblasti inovácií a technológií
dnešnom globalizovanom svete sa medzinárodné partnerstvá v oblasti technológií a inovácií stali mimoriadne dôležitými pre podporu hospodárskeho rastu, riešenie globálnych výziev a udržanie konkurencieschopnosti. Žiadna krajina nemôže vyvinúť všetky odborné znalosti, infraštruktúru alebo zdroje potre...
Salvato in:
| Autore principale: | |
|---|---|
| Natura: | Capitolo di libro |
| Lingua: | slovacco |
| Soggetti: | |
| Tags: |
Nessun Tag, puoi essere il primo ad aggiungerne!!
|
MARC
| LEADER | 00000naa$a2200000$$$4500 | ||
|---|---|---|---|
| 001 | 0306456 | ||
| 005 | 20251105133222.8 | ||
| 041 | 0 | |a slo | |
| 044 | |a SK | ||
| 245 | 1 | 0 | |a Nový Zéland ako obchodný partner pre Európsku úniu v oblasti inovácií a technológií |c Patrícia Sajková |
| 520 | |a dnešnom globalizovanom svete sa medzinárodné partnerstvá v oblasti technológií a inovácií stali mimoriadne dôležitými pre podporu hospodárskeho rastu, riešenie globálnych výziev a udržanie konkurencieschopnosti. Žiadna krajina nemôže vyvinúť všetky odborné znalosti, infraštruktúru alebo zdroje potrebné na riešenie problémov, ako je zmena klímy alebo prechod na digitalizáciu. Krajiny so silnými výskumnými a vývojovými ekosystémami, ako sú tie v Európe, profitujú zo spolupráce s partnermi, ktorí sa orientujú na inovácie, ako je Nový Zéland. Európska únia a Nový Zéland sú ideálnymi partnermi v oblasti inovácií a technológií, pretože sa výrazne zhodujú v dôležitých oblastiach, ako je udržateľnosť, inovácie a technologický pokrok. | ||
| 610 | 2 | 0 | |a partneri obchodní |
| 610 | 2 | 0 | |a Nový Zéland |
| 610 | 2 | 0 | |a obchod medzinárodný |
| 610 | 2 | 0 | |a technológie nové |
| 610 | 2 | 0 | |a digitalizácia |
| 100 | 1 | |a Sajková, Patrícia, 1999- | |